250 bài tập kỹ thuật điện tử
Nội dung sách gồm: linh kiện điện tử như điốt chỉnh lưu, điốt ổn áp, điốt điều khiển, transistor lưỡng cực, J-FET và MOS-FET, mạch khuếch đại tín hiệu nhỏ, mạch khuếch đại tín hiệu lớn, mạch khuếch đại thuật toán, mạch khuếch đại có hồi...
Shranjeno v:
| Glavni avtor: | |
|---|---|
| Format: | Knjiga |
| Jezik: | Undetermined |
| Izdano: |
Hà Nội
Giáo dục
2008
|
| Teme: | |
| Oznake: |
Označite
Brez oznak, prvi označite!
|
| Thư viện lưu trữ: | Trung tâm Học liệu Trường Đại học Cần Thơ |
|---|
| LEADER | 01056nam a2200217Ia 4500 | ||
|---|---|---|---|
| 001 | CTU_142073 | ||
| 008 | 210402s9999 xx 000 0 und d | ||
| 020 | |c 23500 | ||
| 082 | |a 621.381076 | ||
| 082 | |b Tr100 | ||
| 100 | |a Nguyễn, Thanh Trà | ||
| 245 | 0 | |a 250 bài tập kỹ thuật điện tử | |
| 245 | 0 | |c Nguyễn Thanh Trà, Thái Vĩnh Hiển | |
| 260 | |a Hà Nội | ||
| 260 | |b Giáo dục | ||
| 260 | |c 2008 | ||
| 520 | |a Nội dung sách gồm: linh kiện điện tử như điốt chỉnh lưu, điốt ổn áp, điốt điều khiển, transistor lưỡng cực, J-FET và MOS-FET, mạch khuếch đại tín hiệu nhỏ, mạch khuếch đại tín hiệu lớn, mạch khuếch đại thuật toán, mạch khuếch đại có hồi tiếp, mạch giao động và mạch chuyển dổi AD/DA. | ||
| 650 | |a Electronics | ||
| 650 | |x Problems, exercises, etc. | ||
| 904 | |i Giang | ||
| 980 | |a Trung tâm Học liệu Trường Đại học Cần Thơ | ||